000 00695nam a2200217Ia 4500
003 GCL
008 140319s9999 xx 000 0 ara d
040 _aGCL /
_cGCL
082 0 4 _a320.101
_bت ف
100 1 _aتيندر، جلين
245 1 0 _aالفكر السياسى الاسئلة الابدية /
_cتيندر، جلين
700 1 _aمحمد مصطفى غنيم
260 _a[S.N] :
_bالجمعية المصرية لنشر المعرفة والثقافةوالعلوم ،
_c1993
300 _a316 ص
490 _a
650 0 4 _aالسياسة
650 0 4 _aالعلوم السياسية
650 0 4 _aالدولة
650 0 4 _aسيادة الدولة
942 _2ddc
_cBK
999 _c29999
_d29999